Reptar to the rescue! / (Record no. 5308)

MARC details
000 -LEADER
fixed length control field 00930nam a22002897a 4500
001 - CONTROL NUMBER
control field 5308
003 - CONTROL NUMBER IDENTIFIER
control field FISKH
005 - DATE AND TIME OF LATEST TRANSACTION
control field 20241125152155.0
008 - FIXED-LENGTH DATA ELEMENTS--GENERAL INFORMATION
fixed length control field 241125b cb ||||| |||| 00| 0 eng d
020 ## - INTERNATIONAL STANDARD BOOK NUMBER
International Standard Book Number 076714003255
040 ## - CATALOGING SOURCE
Original cataloging agency FISKH
Language of cataloging eng
Transcribing agency FISKH
Modifying agency FISKH
050 ## - LIBRARY OF CONGRESS CALL NUMBER
Classification number PZ7.S14355
100 ## - MAIN ENTRY--PERSONAL NAME
Personal name St.Pierre, Stephanie
Dates associated with a name (1985-)
245 ## - TITLE STATEMENT
Title Reptar to the rescue! /
Statement of responsibility, etc. By Stephan St. Pierre Illustrated by George Ulrich
250 ## - EDITION STATEMENT
Edition statement 1997
260 ## - PUBLICATION, DISTRIBUTION, ETC.
Place of publication, distribution, etc. New York :
Name of publisher, distributor, etc. Little Simon,
Date of publication, distribution, etc. 1997.
300 ## - PHYSICAL DESCRIPTION
Extent 22 pages :
Other physical details Color illustrations ;
Dimensions 21 cm
505 ## - FORMATTED CONTENTS NOTE
Formatted contents note G<br/>
520 ## - SUMMARY, ETC.
Summary, etc. When WonderWinder, a toy designed by Tommy's dad, runs amok, the day suddenly becomes more exciting than even Tommy had bargained for.
521 8# - TARGET AUDIENCE NOTE
Target audience note 410L<br/>
Source Lexile<br/>
521 8# - TARGET AUDIENCE NOTE
Target audience note G<br/>
Source Raz-Plus<br/>
650 ## - SUBJECT ADDED ENTRY--TOPICAL TERM
Source of heading or term Children's
Topical term or geographic name entry element Funny
650 ## - SUBJECT ADDED ENTRY--TOPICAL TERM
Source of heading or term Rugrats
Topical term or geographic name entry element Dinosaurs
700 ## - ADDED ENTRY--PERSONAL NAME
Personal name Ulrich, George
Dates associated with a name Illustrator
942 ## - ADDED ENTRY ELEMENTS (KOHA)
Source of classification or shelving scheme Dewey Decimal Classification
Koha item type Books
Suppress in OPAC No
Holdings
Withdrawn status Lost status Source of classification or shelving scheme Damaged status Not for loan Collection Home library Current library Shelving location Date acquired Total Checkouts Full call number Barcode Date last seen Copy number Price effective from Koha item type
    Dewey Decimal Classification     Fiction Footprints International School Library Network Toul Kork Campus Footprints International School Library Network Toul Kork Campus TK Primary Library Room(4th Floor), Bookcase 1&2, Shelves 1-16, Dark Blue Books 11/25/2024   PIE PZ7.S14355 2024-2371 11/25/2024 1 11/25/2024 Books